000 01104cam a22003011a 4500
001 ca 24000903
003 DLC
005 20260227111113.0
008 840907s1924 ksu 000 1 eng
010 _aca 24000903
035 _a(OCoLC)11130657
040 _aDLC
_cKPT
_dDLC
041 1 _aeng
_hita
042 _apremarc
050 0 0 _aPQ4272.E5
_bA3 1924
100 1 _aBoccaccio, Giovanni,
_d1313-1375.
240 0 0 _aDecamerone.
_kSelections.
_lEnglish
245 1 0 _aTales of love and life /
_cBoccaccio.
260 _aGirard, Kan. :
_bHaldeman-Julius Co.,
_cc1924.
300 _a64 p. ;
_c13 cm.
440 0 _aLittle blue book ;
_vno. 673
500 _aPages 58-64 contain advertising matter.
500 _aStories from The Decameron.
505 0 _aThe story of Bertram and Giletta -- Isabella; or the pot of basil -- Befriending his enemy -- The story of Griselda.
500 _aPublished 15 September 1924; copies deposited at Library of Congress 22 September 1924; copyright renewed 19 June 1952.
500 _aPrintings after 1945 lack advertising matter.
740 4 _aThe Decameron.
999 _c15903
_d15903